The Journal of Applied Behavioral Science

Gespeichert in:
Bibliographische Detailangaben
Format: Schriftenreihe
Sprache:Englisch
Veröffentlicht: Thousand Oaks SAGE Publ.
Schlagworte:
Tags: Tag hinzufügen
Keine Tags, Fügen Sie das erste Tag hinzu!

MARC

LEADER 00000nas1a22000001 4500
001 s120106
005 20250701092103.0
022 |a 0021-8863 
022 |a 1552-6879 
041 0 |a eng 
044 |a US 
245 1 0 |a The Journal of Applied Behavioral Science 
264 1 |a Thousand Oaks  |b SAGE Publ. 
610 2 0 |a zdroje ľudské 
610 2 0 |a správanie sociálne 
610 2 0 |a sociológia psychologická